Central Library OPAC University of Rajshahi

A short edition of principles and digest of the law of evidence : (Record no. 64266)

MARC details
000 -LEADER
fixed length control field 00804nam a2200241 a 4500
001 - CONTROL NUMBER
control field 64266
003 - CONTROL NUMBER IDENTIFIER
rucl marc code BD-RjUL
005 - DATE AND TIME OF LATEST TRANSACTION
control field 20211209081304.0
008 - FIXED-LENGTH DATA ELEMENTS--GENERAL INFORMATION
fixed length control field 170216s1984 ii 001 0 eng d
035 ## - SYSTEM CONTROL NUMBER
System control number (BD-RjUL)64396
040 ## - CATALOGING SOURCE
Original cataloging agency DLC
Transcribing agency CarP
Modifying agency BD-RjUL
Language of cataloging eng
041 ## - LANGUAGE CODE
Language code of text/sound track or separate title eng
082 ## - DEWEY DECIMAL CLASSIFICATION NUMBER
Edition number 23
Classification number 347.060954
Author mark and year MOS 1984
100 ## - MAIN ENTRY--PERSONAL NAME
Personal name Monir, M.
9 (RLIN) 190856
245 12 - TITLE STATEMENT
Title A short edition of principles and digest of the law of evidence :
Remainder of title Being a commentary on the Indian evidence act (I of 1872) /
Statement of responsibility, etc. M Monir and H S Ursekar.
250 ## - EDITION STATEMENT
Edition statement 2nd ed.
260 ## - PUBLICATION, DISTRIBUTION, ETC. (IMPRINT)
Place of publication, distribution, etc. Allahabad :
Name of publisher, distributor, etc. University Book Agency,
Date of publication, distribution, etc. 1984
300 ## - PHYSICAL DESCRIPTION
Pagination 6, xxxiv, 859 p. ;
Size 25 cm.
500 ## - GENERAL NOTE
General note Includes index.
650 #0 - SUBJECT ADDED ENTRY--TOPICAL TERM
Topical term or geographic name as entry element Evidence (Law)
Geographic subdivision India.
9 (RLIN) 190853
700 1# - ADDED ENTRY--PERSONAL NAME
Personal name Ursekar, H. S.
Fuller form of name (Harihar Sitaram),
Relator term ed.
942 ## - ADDED ENTRY ELEMENTS (KOHA)
Source of classification or shelving scheme Dewey Decimal Classification
Koha item type Books
Holdings
Lost status Source of classification or shelving scheme Damaged status Not for loan Collection code Permanent Location Current Location Shelving location Date acquired Source of acquisition Cost, normal purchase price Total Checkouts Full call number Date last seen Copy number Koha item type
  Dewey Decimal Classification   Not For Loan Non-fiction Central Library, University of Rajshahi Central Library, University of Rajshahi Reading Room 18/08/1985 Tulip 175.00   347.060954 MOS 1984 12/02/2017 C-1 Books